01022nam a2200265 i 4500003000900000005001700009007000300026008004100029040003000070082001300100110004400113245009700157250001900254264006300273300002600336336002700362337003400389338002800423500004500451590002700496910001400523942001300537952018900550999001700739DO-SdBNP20240304181731.0ta110413s1981 dr 000 0 spa d aDO-SdBNPbspacBNPHUerda bP2732222 aPartido Revolucionario Dominicano9521410aReglamento :bparlamentario, disciplinario /cpreparado por L. Almanzor González Canahuate a2a. edición  aSanto Domingo :bPartido Revolucionario Dominicano,c1981. a19 páginas c21 cm. 2rdacontentatextobtxt 2rdamediaasin mediación bn 2rdacarrieravolumenbnc aDepartamento Nacional de Organización  aInventariado, 2023/ YL aYLockward 2ddccLF2 00102ddc51708DS-FaBNPHUbBNPHUcCTd2014-12-01eBarbara Suncarl0oBNPHU PD P273p2023-6538r2023-09-29w2023-09-29yLF2zPerteneció a la biblioteca personal de Bárbara Suncar c55010d55010